000 00280nam a2200109Ia 4500
008 201224s9999 xx 000 0 und d
100 _aRedwood, John
245 0 _a(The) Global Marketplace: Capitalism & its future
260 _aLondon
_bHarper-Collins
300 _a242
942 _cBK
999 _c8872
_d8872